Statystyki dla Rozpoznaj grę po recenzji Steam #10

Kliknij tutaj aby rozwiązać quiz!

Ogólne statystyki

  • Ten quiz został rozwiązany 6 razy
  • Średni wynik to 10 z 25

Statystyki odpowiedzi

RecenzjaTytuł gry% Poprawnych
Hallelujah! (boom)Worms Armageddon
100%
JESTEM BURZĄ, KTÓRA NADCHODZIDevil May Cry 5
83%
28 RAN KŁUTYCHDetroit: Become Human
67%
jak znienawidzić grenlandięPlague Inc: Evolved
67%
można być faszystowską polską i mieć religię islamSid Meier's Civilization VI
67%
Trodon ty k**** je**** przestań mi torpor prześladowaćARK: Survival Evolved
50%
polecam można nazywać ziomeczków tak jak moi znajomi a potem składać ich w ofierzeCult of the Lamb
50%
Polizałem kobietę i nie poszedłem za to do więzienia. 10/10Goat Simulator
50%
ludzie bez kręgosłupa skaczą i przenoszą jakieś rzeczy po mapie i rozwiązują łamigłówki... brzmi ciekawie ale przygotuj się na to że pierwsze 15 min gry razem z kolegami spędzicie na ciągnięciu się nawzajem i wyrzucaniu za mapeHuman Fall Flat
50%
Oh, I assure you it's quite based.Apollo Justice: Ace Attorney Trilogy
33%
Mydło Cena Duch i GazCall of Duty®
33%
KRABY W GRACH KRABY KRABY W GRACH KRABY KRABY W GRACH KRABY W GRACH KRABY KRABY W GRACH KRABY KRABY W GRACHCrab Champions
33%
Dobre P o m a r a ń c z o w eHalf-Life 2
33%
Zabijanie rosjan, psychodela i boski soundtrack +można kupić za 7 zł na przecenieHotline Miami
33%
fajne zwierzaczki , można znęcać się nad grającymi dziećmi bez żadnych konsekwencjiParty Animals
33%
gram w exclusive PS5 na PC z kontrolerem od Xboxa i chodzi jak marzenieReturnal™
33%
Można umieszczać zbereźne obrazki na stole 10/10 polecam wszystkim ( ͡° ͜ʖ ͡°)Tabletop Simulator
33%
Zapamiętam ten niekończący się symulator farmienia na całe życie. Ale wrócę tu za kolejne 1000h i sprawdzę czy wszystko ze mną w porządku.Warframe
33%
Can't believe they got THE Amelia Watson, announcer from hit game Paladins, in this game!HoloCure - Save the Fans!
17%
fajna gra w której masa ludzi chce cię przytulić polecam !Project Zomboid
17%
Nie ma bata, że to ta sama ekipa, która stworzyła trójkę. Musiały być u nich jakieś masowe zwolnienia; sama nazwa się ostała, ale pracownicy ewidentnie nie. [...]Saints Row
17%
ACHTUNG ACHTUNG ACHTUNG 39486 39486 60170 60170 24326 24326 01064 01064SIGNALIS
17%
zasadziłem pyry w bucie 10/10Raft
0%
Gra o walce o wolność która jej prawie nie daje bo wszędzie są wąskie ścieżki otoczone niewidzialnymi ścianami historia i morał oklepanyRoad 96 🛣️
0%
bardzo fajne mozna ruchac jelenieValheim
0%

Rozkład punktacji

Percentyl według liczby udzielonych odpowiedzi

Procent ludzi z każdym wynikiem

Twoja historia wyników

Nie rozwiązałeś tego quizu